| 000 | 00807pam a2200229 a 4500 | ||
|---|---|---|---|
| 999 |
_c58099 _d58099 |
||
| 001 | 989589 | ||
| 005 | 20210615131202.0 | ||
| 008 | 860908s1986 enk b 001 0 eng | ||
| 020 | _a9781138590342 | ||
| 041 | _aeng | ||
| 080 | _a376.2 H-25 | ||
| 100 | 1 |
_aHarding, Leonora _d _912048 |
|
| 245 | 1 | 0 |
_aLearning disabilities in the primary classroom / _cLeonora Harding. |
| 264 |
_aLondon : _bRoutledge, _c1986. |
||
| 300 |
_a188 p. ; _c24 cm. |
||
| 504 | _aBibliography: p. 157-178. | ||
| 653 | _aსწავლის უნარის შეზღუდვა დაწყებით კლასში | ||
| 653 | _aპედაგოგიკა | ||
| 653 | _aНарушения обучаемости в начальных классах | ||
| 653 | _aПедагогика | ||
| 942 |
_2udc _cBK |
||